00743nam a22001937a 4500003000900000005001700009008004900026020001600075040002200091245010400113246004700217260006000264300003100324490003200355500007400387700002800461700002800489830003200517DO-SdBNP20160610092509.0160602b 1998 cl a xxu||||| |||| 00| 0 spa d a9580443416  aBPMSUbspacBPMSU00aCurso rápido de Microsoft® PowerPoint 97 /cOnline Press Inc. ; traducción de Gabriel Borrero.10aQuick course in Microsoft® PowerPoint 97. aBogotá, Colombia : bNorma ; Microsoft Press, c1998. a192 p. : bil. ; c24 cm. 1 aCurso rápido de Microsoft aManual para PowerPoint 97para windows 95 y windows NT versión 4.0.12aBorrero, Gabriel, etr.12aBorrero, Grabriel,etr. pCurso rápido de Microsoft